Catálogo público

Química biológica / (Record no. 167348)

MARC details
000 -CABECERA
campo de control de longitud fija 00659nam a2200277Ia 4500
001 - NÚMERO DE CONTROL
campo de control Z_4283
003 - IDENTIFICADOR DEL NÚMERO DE CONTROL
campo de control CHAP
008 - DATOS DE LONGITUD FIJA--INFORMACIÓN GENERAL
campo de control de longitud fija 220113s1971 xx 000 0 und d
010 ## - NÚMERO DE CONTROL DE LA BIBLIOTECA DEL CONGRESO
Número de control de LC 167348
040 ## - FUENTE DE LA CATALOGACIÓN
Centro/agencia transcriptor CHAP
082 ## - NÚMERO DE LA CLASIFICACIÓN DECIMAL DEWEY
Número de clasificación 574.192 M3y
100 ## - ENTRADA PRINCIPAL--NOMBRE DE PERSONA
Nombre de persona Mahler, Henry R
9 (RLIN) 69880
245 ## - MENCIÓN DE TÍTULO
Título Química biológica /
Mención de responsabilidad, etc. por Henry R Mahler y Eugene H. Cordes
260 ## - PUBLICACIÓN, DISTRIBUCIÓN, ETC.
Lugar de publicación, distribución, etc. Méxixco, D. F. :
Nombre del editor, distribuidor, etc. Omega,
Fecha de publicación, distribución, etc. 1971
300 ## - DESCRIPCIÓN FÍSICA
Extensión 893 p. ; ilus.
440 ## - MENCIÓN DE SERIE/PUNTO DE ACCESO ADICIONAL--TÍTULO
Título
500 ## - NOTA GENERAL
Nota general Trad. De Biological chemistry
503 ## - NOTA DE HISTORIA BIBLIOGRÁFICA (BK CF MU) [OBSOLETO]
Nota de historia bibliográfica 103211
650 ## - PUNTO DE ACCESO ADICIONAL DE MATERIA--TÉRMINO DE MATERIA
Término de materia o nombre geográfico como elemento de entrada Bioquímica
9 (RLIN) 12849
901 ## - ELEMENTOS DE DATOS A LOCAL LDA (RLIN)
a 574.192 M3y
902 ## - ELEMENTOS DE DATOS B LOCAL, LDB (RLIN)
a A
910 ## - DATOS DE OPCIÓN DEL USUARIO (OCLC)
Datos de opción del usuario 1971
942 ## - ELEMENTOS DE PUNTO DE ACCESO ADICIONAL (KOHA)
Tipo de ítem Koha Libro_
942 ## - ELEMENTOS DE PUNTO DE ACCESO ADICIONAL (KOHA)
Tipo de ítem Koha
Holdings
Estado de retiro Estado de pérdida Fuente del sistema de clasificación o colocación Estado dañado No para préstamo Código de colección Localización permanente Ubicación/localización actual Ubicación en estantería Fecha de adquisición Código de barras Fecha visto por última vez Número de copia Precio válido a partir de Tipo de ítem Koha
    Dewey Decimal Classification     General Zootecnia Zootecnia   09/11/2005 z_4435 18/01/2022 1 18/01/2022 Libro